000 00543nam a2200193Ii 4500
003 JO-AjNU
008 230606s9999||||xx |||||||||||||| ||und||
020 _a0-245-54561-1
040 _aJO-AjNU
_beng
_erda
_cJO-AjNU
041 _aeng
050 1 4 _aE185.61 1988
100 3 _aSutherland, Douglas,
_eauthor
_95558
245 0 0 _aPortrait of a Decade london life 1945 -1955
264 3 1 _aLondon: HARRAP, 1988
300 _a238p
336 _atext
_btxt
_2rdacontent
337 _aunmediated
_bn
_2rdamedia
338 _avolume
_bnc
_2rdacarrier
999 _aE2875
_c2873
_d2873